Loading...
Arts - Music | 4 | 5 | 0 | 1 | 110 | 19 | 72.22 | 2 | 8 |
Literature - British Lit | 4 | 3 | 0 | 0 | 90 | 28 | 72.43 | 5 | 7 |
Literature - American Lit | 3 | 3 | 1 | 1 | 70 | 46 | 91.17 | 2 | 4 |
Literature - Euro Lit | 2 | 3 | 0 | 0 | 60 | 44 | 72.20 | 2 | 4 |
Thought - Philosophy | 2 | 2 | 0 | 0 | 50 | 31 | 64.25 | 1 | 2 |
Arts - Other Arts | 2 | 2 | 2 | 0 | 40 | 42 | 81.00 | 0 | 2 |
Literature - World Lit | 0 | 3 | 1 | 0 | 25 | 67 | 82.33 | 0 | 2 |
Other - Other Academic | 0 | 1 | 0 | 0 | 10 | 82 | 82.00 | 1 | 1 |
Other - Pop Culture | 0 | 1 | 0 | 0 | 10 | 127 | 127.00 | 0 | 0 |
Arts - Painting | 0 | 1 | 0 | 0 | 10 | 112 | 112.00 | 0 | 0 |
History - Euro History | 0 | 0 | 0 | 0 | 0 | 0.00 | 0 | 0 |